000 00464nam a22001697a 4500
003 SGT
020 _a9789392544521
082 _a615.53
_bM24A
100 _aACHARYA, VAIDYA RABINARAYAN
245 _aMARMACHIKITSA BASIC TENTS IN AYURVEDA AND THERAPEUTIC APPROUCHES
250 _a2ND
260 _aNEW DELHI
_bCCRAS
_c2024
300 _a379
650 _aAYURVEDA
653 _aMARMACHIKITSA, BASIC, TENTS, AYURVEDA , THERAPEUTIC, APPROUCHES
942 _2ddc
_cBK
999 _c34701
_d34701